LEADER 01250nam a2200229 4500 001 000000353425 003 CaOOAMICUS 005 20230502153800.0 008 230412s1949 it 2 000 u ita r 040 $aSeMil$bita 100 1 $aBartesaghi, Luigi.$0(OLS)http://semarc/name/117504 245 10$aOrientamenti sulla responsabilità degli amministratori ospitalieri nel campo della rinnovazione ed ampliamento dei vecchi ospedali /$cprof. arch. Luigi Bartesaghi. 264 1$aTorino :$bTip. Silvestrelli e Cappelletto di S. Rosa Clot e c.,$c1949. 300 $a7 p. ;$c25 cm 500 $aEstratto da: L'Ospedale, n. 8 agosto 1949 650 4$aOspedali - Italia.$0(OLS)http://semarc/subject/18856 850 $aSeMil 852 $aSeMil$W1$xVenegono$y1$m5A IV 2/2$j239406$B244634$CSeMilBibl$Z2$F244634 $81 961 $aCon dedica autografa dell'autore Luigi Bartesaghi al Card. Ildefonso Schuster (dic. 1949) 996 $6245$aOrientamenti sulla responsabilità degli amministratori ospitalieri nel campo della rinnovazione ed ampliamento dei vecchi ospedali$9(OLS)http://semarc/title/443453 996 $6264$aTorino :$bTip. Silvestrelli e Cappelletto di S. Rosa Clot e c.$9(OLS)http://semarc/publisher/60920 LEADER 01270nam a2200241 i 4500 001 000000066251 003 CaOOAMICUS 005 20140806000000.0 008 140806s1954 xx u000 u ger u 013 $a37423 040 $aSeMil$bita 100 1 $aLind, Emil.$0(OLS)http://semarc/name/33269 245 10$aAlbert Schweitzer :$bein Meister der Menschheit : der Beitrag des Philosophen und Menschenfreundes Albert Schweitzer zur Lösung der Kulturkrise der Gegenwart /$cvon Emil Lind. 260 $aBühl-Baden :$bKonkordia,$c1954. 300 $a95 p. ;$c21 cm. 490 0 $aGrosse Erzieher der Menschheit : eine Sammlung von Schriften großer Menschheitserneuerungslehrer ;$v4 600 14$aSchweitzer, Albert <1875-1965>.$0(OLS)http://semarc/subject/2447 830 0$aGroße Erzieher der Menschheit ;$v4.$0(OLS)http://semarc/title/41183 850 $aSeMil 852 $aSeMil$W1$xVenegono$y1$m2K V 190$j32404$B32404$CSeMilBibl$Z2$F32407 $81 961 $aOmaggio: Donazione 996 $6245$aAlbert Schweitzer :$bein Meister der Menschheit : der Beitrag des Philosophen und Menschenfreundes Albert Schweitzer zur Lösung der Kulturkrise der Gegenwart$9(OLS)http://semarc/title/105337 996 $6260$aBühl-Baden :$bKonkordia$9(OLS)http://semarc/publisher/38456